000 00317nam a22001217a 4500
008 160505b xxu||||| |||| 00| 0 eng d
020 _a9780323014816
020 _a032301481X
041 _aeng
080 _a611
245 _aRadiographic anatomypositioning & procedures workbook;
_cSteven G. Hayes;
942 _2udc
_cBK
999 _c1808
_d1808